| 000 | 00336nam a22001217a 4500 | ||
|---|---|---|---|
| 999 |
_c529357 _d529357 |
||
| 020 | _a9789356732636 | ||
| 082 | _aA99 L154/Si64 | ||
| 245 |
_aLight Unto A Cell _cEdited by Manish Sinha |
||
| 250 | _aThird Edition | ||
| 260 |
_aChhattisgarh _bEvincepub Publishing _c2023 |
||
| 300 | _a122p. | ||
| 650 |
_aLal, Jagat Narain, 1894-1966 _951348 |
||